The structure of indian Industry / (Record no. 125355)

MARC details
000 -LEADER
fixed length control field 00849nam a22002537a 4500
005 - DATE AND TIME OF LATEST TRANSACTION
control field 20170124105952.0
010 ## - LIBRARY OF CONGRESS CONTROL NUMBER
LC control number B-129832
020 ## - INTERNATIONAL STANDARD BOOK NUMBER
Terms of availability 645.00
International Standard Book Number 9780195649420
035 ## - SYSTEM CONTROL NUMBER
System control number B-129832
037 ## - SOURCE OF ACQUISITION
Source of stock number/acquisition Cen Lib/Ret
040 ## - CATALOGING SOURCE
Original cataloging agency DPL
Language of cataloging EN
082 ## - DEWEY DECIMAL CLASSIFICATION NUMBER
Classification number 338.0954
Item number STR
245 ## - TITLE STATEMENT
Title The structure of indian Industry /
Statement of responsibility, etc edited by Subir Gokarn, Anindya Sen [and] Rajendra R. Vaidya
260 ## - PUBLICATION, DISTRIBUTION, ETC. (IMPRINT)
Place of publication, distribution, etc New Delhi
Name of publisher, distributor, etc Oxford University Press
Date of publication, distribution, etc 2004
270 ## - ADDRESS
City New Delhi
Address YMCA building, jai singh road
Postal code 110001
300 ## - PHYSICAL DESCRIPTION
Extent xxi, 366p.
Dimensions 21cm(Hb)
500 ## - GENERAL NOTE
General note Includes bibliographical references
650 ## - SUBJECT ADDED ENTRY--TOPICAL TERM
Topical term or geographic name as entry element Economics
9 (RLIN) 13846
650 ## - SUBJECT ADDED ENTRY--TOPICAL TERM
Geographic subdivision Indian industries
Topical term or geographic name as entry element Structure
9 (RLIN) 13847
700 ## - ADDED ENTRY--PERSONAL NAME
Personal name Gokarn, Subir
9 (RLIN) 13808
700 ## - ADDED ENTRY--PERSONAL NAME
Personal name Sen, Anindya
9 (RLIN) 13845
700 ## - ADDED ENTRY--PERSONAL NAME
Personal name Vaidya, Rajendra R.
9 (RLIN) 12457
942 ## - ADDED ENTRY ELEMENTS (KOHA)
Source of classification or shelving scheme Dewey Decimal Classification
Koha item type English Books
Classification part 338.0954
Call number suffix STR
Holdings
Withdrawn status Lost status Damaged status Not for loan Home library Current library Date acquired Source of acquisition Cost, normal purchase price Total Checkouts Full call number Barcode Date last seen Copy number Cost, replacement price Price effective from Koha item type
        Central Library Central Library 20/06/2015 Cen Lib/Ret 645.00   338.0954 STR B-129832 20/06/2015 1 645.00 20/06/2015 English Books

© Delhi Public Library
Hit Counter
free hit counter